|
|
|
|
| LEADER |
01517cam a2200409 i 4500 |
| 001 |
c000408686 |
| 003 |
CARM |
| 005 |
20221115105307.0 |
| 007 |
ta |
| 008 |
221115r19881983azua b 001 0 eng |
| 019 |
1 |
|
|a 6005672
|
| 020 |
|
|
|a 9781555610159
|q (paperback)
|
| 020 |
|
|
|a 1555610153 :
|c $12.95
|
| 035 |
|
|
|a (OCoLC)18417648
|
| 040 |
|
|
|a LC
|b eng
|e rda
|c LC
|d ABN-SNR
|d VCAV
|
| 043 |
|
|
|a n-us---
|
| 050 |
0 |
0 |
|a HN90.V64
|b M67 1988
|
| 082 |
0 |
4 |
|a 361.3/7
|2 23
|
| 100 |
1 |
|
|a Morrison, Emily K.
|q (Emily Kittle)
|e author.
|
| 240 |
1 |
0 |
|a Skills for leadership.
|
| 245 |
1 |
0 |
|a Working with volunteers :
|b skills for leadership /
|c Emily Kittle Morrison.
|
| 264 |
|
1 |
|a Tucson, Ariz. :
|b Fisher Books,
|c 1988.
|
| 300 |
|
|
|a 251 pages :
|b illustrations ;
|c 23 cm
|
| 336 |
|
|
|a text
|b txt
|2 rdacontent
|
| 336 |
|
|
|a still image
|b sti
|2 rdacontent
|
| 337 |
|
|
|a unmediated
|b n
|2 rdamedia
|
| 338 |
|
|
|a volume
|b nc
|2 rdacarrier
|
| 500 |
|
|
|a Reprint. Previously published: Skills for leadership. Tucson : Jordan Press, c1983-
|
| 500 |
|
|
|a Includes index.
|
| 504 |
|
|
|a Bibliography: p. [241]-246.
|
| 650 |
|
0 |
|a Voluntarism
|z United States
|x Management.
|
| 650 |
|
0 |
|a Leadership.
|
| 650 |
|
0 |
|a Associations, institutions, etc.
|z United States
|x Personnel management.
|
| 650 |
|
0 |
|a Volunteers
|z United States.
|
| 852 |
8 |
|
|b CARM
|i B12856
|p 0547794
|f BK
|
| 999 |
f |
f |
|i c9d75078-736a-5111-a666-a7173e389eb7
|s 1980ac8b-7fbe-5bce-b045-433f211597dc
|
| 952 |
f |
f |
|p Can circulate
|a CAVAL
|b CAVAL
|c CAVAL
|d CARM 1 Store
|e B12856
|h Other scheme
|i book
|m 0547794
|